[Event "MEX ol U16"]
[Site "Guanajuato"]
[Date "2002.07.15"]
[Round "3"]
[White "Ambrosio Moctezuma, Djamil Armando"]
[Black "De Gonzalez Arguelles, Daniel"]
[Result "0-1"]
[WhiteElo "2063"]
[BlackElo "1569"]
[PlyCount "92"]
[EventDate "2002.07.13"]
[EventType "swiss"]
[EventRounds "6"]
[EventCountry "MEX"]
[SourceTitle "EXT 2003"]
[Source "ChessBase"]
[SourceDate "2002.11.25"]
[SourceVersion "1"]
[SourceVersionDate "2002.11.25"]
[SourceQuality "1"]

1. e4 e5 2. Nf3 Nc6 3. Bc4 Bc5 4. c3 Qe7 5. 0-0 Nf6 6. d3 a5 7. d4 Bb6 8. Re1 0-0 9. Bb3 d6 10. d5 Nd8 11. Nbd2 c6 12. c4 Kh8 13. Nf1 Ng4 14. Re2 f5 15. Bc2 f4 16. h3 Nh6 17. Rd2 Ndf7 18. dxc6 bxc6 19. Ba4 Bd7 20. Qb3 Rab8 21. Qd3 g5 22. N1h2 Rg8 23. Ng4 Bxg4 24. hxg4 Nxg4 25. Bxc6 Nxf2 26. Rxf2 g4 27. Kf1 Bxf2 28. Nd2 Qh4 29. Ke2 Bd4 30. Kd1 Qh1+ 31. Qf1 Qxf1+ 32. Nxf1 Bxb2 33. Bxb2 Rxb2 34. Nd2 Ng5 35. Kc1 Rgb8 36. Bb5 R8xb5 37. cxb5 Rxb5 38. Kc2 Rb4 39. Re1 Kg7 40. a3 Rd4 41. Kc3 a4 42. Kc2 Kf6 43. Kc3 Ke6 44. Re2 f3 45. gxf3 gxf3 46. Re3 f2 0-1

[Event "Festival de la Juventud U16"]
[Site "Hermosillo"]
[Date "2002.03.27"]
[Round "1"]
[White "Ambrosio Moctezuma, Djamil Armando"]
[Black "Rodriguez Santillan, Javier"]
[Result "1/2-1/2"]
[WhiteElo "2063"]
[BlackElo "1278"]
[PlyCount "95"]
[EventDate "2002.03.26"]
[EventType "swiss"]
[EventRounds "6"]
[EventCountry "MEX"]
[SourceTitle "EXT 2003"]
[Source "ChessBase"]
[SourceDate "2002.11.25"]
[SourceVersion "1"]
[SourceVersionDate "2002.11.25"]
[SourceQuality "1"]

1. e4 e5 2. Nf3 Nc6 3. Bc4 Nf6 4. d3 h6 5. Nbd2 Bc5 6. 0-0 0-0 7. c3 d6 8. Re1 Bg4 9. h3 Bh5 10. Nf1 Re8 11. Ng3 Bg6 12. Bb3 d5 13. Bc2 dxe4 14. dxe4 Qxd1 15. Rxd1 Rad8 16. Bd2 Bb6 17. b4 Nh5 18. Nxh5 Bxh5 19. g4 Bg6 20. Kg2 a6 21. a4 a5 22. b5 Na7 23. Rab1 Nc8 24. Nh4 Nd6 25. Nf5 Nc4 26. Be1 Na3 27. Rxd8 Rxd8 28. Rd1 Rxd1 29. Bxd1 Bxf5 30. exf5 Nc4 31. Bf3 Nd6 32. Bd5 Bc5 33. c4 Kf8 34. Bxa5 b6 35. Bc3 f6 36. a5 Nc8 37. Kg3 bxa5 38. Bxa5 Nb6 39. Be6 Ke7 40. Kf3 Kd6 41. Bd2 Na4 42. Ke2 Nb2 43. f4 Na4 44. Kd3 Bb6 45. Bb4+ Bc5 46. Bd2 Bb6 47. Bd5 Nc5+ 48. Kc2 1/2-1/2